Library of the University of Algiers 3
Ibrahim Sultan Cheibout
شعار جامعة الجزائر 3
مكتبة جامعة الجزائر 3
إبراهيم سلطان شيبوط

التسويق السياحي الحديث / (رقم التسجيلة. 42550)

تفاصيل مارك
000 -LEADER
fixed length control field 01412nam a2200277Ia 4500
003 - CONTROL NUMBER IDENTIFIER
control field Ost
005 - DATE AND TIME OF LATEST TRANSACTION
control field 20260507075044.0
008 - FIXED-LENGTH DATA ELEMENTS--GENERAL INFORMATION
fixed length control field 260507s9999||||xx |||||||||||||| ||und||
020 ## - INTERNATIONAL STANDARD BOOK NUMBER
International Standard Book Number 9957111647
040 ## - CATALOGING SOURCE
Transcribing agency fsecg
041 ## - LANGUAGE CODE
Language code of text/sound track or separate title ara
082 ## - DEWEY DECIMAL CLASSIFICATION NUMBER
Classification number 330
100 ## - MAIN ENTRY--PERSONAL NAME
Personal name مقابلة، خالد
Relator term مؤلف
245 #0 - TITLE STATEMENT
Title التسويق السياحي الحديث /
Statement of responsibility, etc. خالد مقابلة
260 ## - PUBLICATION, DISTRIBUTION, ETC.
Place of publication, distribution, etc. عمان:
Name of publisher, distributor, etc. دار وائل للنشر,
Date of publication, distribution, etc. 2000
300 ## - PHYSICAL DESCRIPTION
Extent 307 صفحة؛
Other physical details إيضاحات ؛
Dimensions 24 سم
490 ## - SERIES STATEMENT
Series statement السياحة والفنادق
Volume/sequential designation 7
504 ## - BIBLIOGRAPHY, ETC. NOTE
Bibliography, etc. note ببلوغرافيا ص.303
520 ## - SUMMARY, ETC.
Summary, etc. مدخل الى التسويق السياحي-سيرة العملاء السلوكية-تقسيم السوق السياحي-نظام المعلومات السياحي وبحوث التسويق-تخطيط وتنمية المنتج السياحي-استراتيجية المنتج السياحي-استراتيجية التسعير السياحي-استراتيجية التوزيع السياحي-استراتيجية الترويج السياحي-استراتيجية التسويق السياحي الشاملة-التسويق السياحي بواسطة الانترنت
653 ## - INDEX TERM--UNCONTROLLED
Uncontrolled term الاستراتيجية
653 ## - INDEX TERM--UNCONTROLLED
Uncontrolled term الانترنيت
653 ## - INDEX TERM--UNCONTROLLED
Uncontrolled term التسويق
653 ## - INDEX TERM--UNCONTROLLED
Uncontrolled term السياحة
700 ## - ADDED ENTRY--PERSONAL NAME
Personal name السرابي، علاء
Relator term مؤلف ثانوي
942 ## - ADDED ENTRY ELEMENTS (KOHA)
Koha item type كتب
المقتنيات
Withdrawn status Lost status Source of classification or shelving scheme Damaged status Not for loan Home library Current library Date acquired Serial enumeration / chronology Inventory number Total checkouts Full call number Barcode Date last seen Price effective from Koha item type
    Dewey Decimal Classification   NOT LOAN / إعارة داخلية مكتبة كلية العلوم الإقتصادية والعلوم التجارية وعلوم التسيير مكتبة كلية العلوم الإقتصادية والعلوم التجارية وعلوم التسيير 07/05/2026 الطابق الأرضي 305/1   أ/305ن1 305/1 07/05/2026 07/05/2026 كتب
    Dewey Decimal Classification   Available مكتبة كلية العلوم الإقتصادية والعلوم التجارية وعلوم التسيير مكتبة كلية العلوم الإقتصادية والعلوم التجارية وعلوم التسيير 07/05/2026 الطابق الأرضي 305/2   أ/305ن2 305/2 07/05/2026 07/05/2026 كتب
    Dewey Decimal Classification   Available مكتبة كلية العلوم الإقتصادية والعلوم التجارية وعلوم التسيير مكتبة كلية العلوم الإقتصادية والعلوم التجارية وعلوم التسيير 07/05/2026 الطابق الأرضي 305/3   أ/305ن3 305/3 07/05/2026 07/05/2026 كتب
    Dewey Decimal Classification   Available مكتبة كلية العلوم الإقتصادية والعلوم التجارية وعلوم التسيير مكتبة كلية العلوم الإقتصادية والعلوم التجارية وعلوم التسيير 07/05/2026 الطابق الأرضي 305/4   أ/305ن4 305/4 07/05/2026 07/05/2026 كتب
    Dewey Decimal Classification   Available مكتبة كلية العلوم الإقتصادية والعلوم التجارية وعلوم التسيير مكتبة كلية العلوم الإقتصادية والعلوم التجارية وعلوم التسيير 07/05/2026 الطابق الثاني 305/5   أ/305ن5 305/5 07/05/2026 07/05/2026 كتب
    Dewey Decimal Classification   Available مكتبة كلية العلوم الإقتصادية والعلوم التجارية وعلوم التسيير مكتبة كلية العلوم الإقتصادية والعلوم التجارية وعلوم التسيير 07/05/2026 الطابق الثاني 305/6   أ/305ن6 305/6 07/05/2026 07/05/2026 كتب
    Dewey Decimal Classification   Available مكتبة كلية العلوم الإقتصادية والعلوم التجارية وعلوم التسيير مكتبة كلية العلوم الإقتصادية والعلوم التجارية وعلوم التسيير 07/05/2026 مكتبة بن عكنون 305/7   أ/305ن7 305/7 07/05/2026 07/05/2026 كتب

موارد الويب المفتوحة


© University of Algiers 3 All Rights Reserved
|
Implemented by LECHELAH Riad